1536 1773 1681 1284 1995 1180 1410 1291 1846 1261 1657 1436 1944 1828 1686 1637 1958 1925 1575 1597 1785 1556 1973 1633 1209 1877 1326 1798 1133 1083 1375 1040 1130 1971 1172 1274 1346 1152 1678 1137 1681 1754 1326 1276 1176 1278 1080 1884 1283 1916 1423 1413 1020 1088 1351 1586 1239 1038 1891 1026 1674 1619 1623 1964 1357 1361 1069 1549 1339 1788 1863 1722 1713 1668 1073 1671 1999 1501 1792 1528 1345 1929 1663 1504 1114 1692 1665 1078 1173 1982 1441 1995 1942 1061 1962 1883 1478 1720 1288 BCNSPRNW ULIB Ver.6.0+V

เปลี่ยนเป็นภาษาไทย

Change to English
 แสดงรายละเอียดบรรณานุกรม
  กลับหน้าหลัก

Brief Record : Get Marc (ISO 2709) : E-mail record : QR code < ปิดหน้าต่าง
LEADER : 00000nam 2200000uu 4500
001    13399122987
003     ULIB
008    020711s2551 th a 000 0 tha d
020    9789744465702
090    นว.^bท121ร 2551 ล.2
100    ทมยันตี
245    ร่มฉัตร เล่ม2/^cทมยันตี
250    พิมพ์ครั้งที่ 9
260    กรุงเทพฯ :^bณ บ้านวรรณกรรม,^c2551
300    606 หน้า
710 1  ณ บ้านวรรณกรรม
945    ^p720^l0^i15296
995    ทศพร
999 ^a ทศพร
รายการนี้ยังไม่มีแท็ก
คุณยังไม่ได้ล็อกอิน คุณสามารถมีกิจกรรมร่วมกับเว็บไซต์ได้ แต่ต้องล็อกอินก่อน ::
  ล็อกอิน

รายการสื่อสารสนเทศ

ลำดับที่ ประเภท เลขเรียก/บาร์โค้ด สถานที่ สถานะ
1. นวนิยาย
นวนิยาย
นว. ท121ร 2551 ล.2 ฉ.1 
  Barcode: 15296
ห้องสมุดวิทยาเขตนครสวรรค์
►นวนิยาย:l:Fiction
บนชั้น

รายการใกล้เคียง
    ผู้แต่ง [ทมยันตี]

BibComment


ยังไม่เคยถูกคอมเมนท์

คอมเมนท์ทรัพยากรรายการนี้
  คอมเมนท์: ร่มฉัตร เล่ม2 ทมย..


 Copyright 2026. Bcnsprnw @Library